000 00440nam a22001577a 4500
003 LK-CoDNM
005 20240724103756.0
008 240724b |||||||| |||| 00| 0 eng d
040 _aLK-CoDNM
_dLK-CoDNM
_eLK-CoDNM
080 _a8
_bX3
100 _aRUSSELL,R.V.
245 _aTHE TRIBES AND CASTES OF THE CENTRAL PROVINCES OF INDIA
260 _aLONDON
_bMACMILLAN AND CO., LIMITED
_c1916
300 _b540p. : ill ; 24 cm
942 _cBK
999 _c146049
_d146049